|
|
|
|
| LEADER |
00000nam0a2200000 4500 |
| 001 |
315687 |
| 005 |
20231102002813.0 |
| 035 |
|
|
|a (RuTPU)RU\TPU\book\341124
|
| 090 |
|
|
|a 315687
|
| 100 |
|
|
|a 20160304d1960 m y0rusy50 ca
|
| 101 |
0 |
|
|a rus
|
| 102 |
|
|
|a RU
|
| 105 |
|
|
|a a j 001zy
|
| 200 |
1 |
|
|a Распространение радиоволн
|e учебник
|f М. П. Долуханов
|
| 205 |
|
|
|a 2-е изд.
|
| 210 |
|
|
|a Москва
|c Связьиздат
|d 1960
|
| 215 |
|
|
|a 391 с.
|c ил., карты
|
| 320 |
|
|
|a Библиогр.: с. 384-387
|
| 606 |
1 |
|
|a Радиоволны
|x Распространение
|2 stltpush
|3 (RuTPU)RU\TPU\subj\69991
|9 84585
|
| 610 |
1 |
|
|a учебники
|
| 610 |
1 |
|
|a плоские радиоволны
|
| 610 |
1 |
|
|a диапазоны
|
| 610 |
1 |
|
|a земля
|
| 610 |
1 |
|
|a сферичность
|
| 610 |
1 |
|
|a тропосфера
|
| 610 |
1 |
|
|a атмосферная рефракция
|
| 610 |
1 |
|
|a тропосферные волны
|
| 610 |
1 |
|
|a ионосфера
|
| 610 |
1 |
|
|a средние волны
|
| 610 |
1 |
|
|a короткие волны
|
| 610 |
1 |
|
|a ультракороткие волны
|
| 610 |
1 |
|
|a атмосферные помехи
|
| 610 |
1 |
|
|a космические помехи
|
| 675 |
|
|
|a 621.371(075.8)
|v 4
|
| 700 |
|
1 |
|a Долуханов
|b М. П.
|g Марк Павлович
|
| 801 |
|
1 |
|a RU
|b 63413507
|c 20160304
|
| 801 |
|
2 |
|a RU
|b 63413507
|c 20200629
|g RCR
|
| 942 |
|
|
|c BK
|